000 00678nam a22001937a 4500
999 _c171224
_d171224
005 20200109105816.0
010 _aENG-127302
020 _c1495.00
_a978019946819
035 _aEN-110834
037 _bDBAD/PUB.
082 _a305.891411068
100 _aDesai,Ashwin
245 _aA History of the Present :
_cby Ashwin Desa, [and] Goolam Vahed
_ba biography of india South Africans 1994-2019 /
260 _aNew Delhi
_boxford University press 2019.
_c2019
270 _a22 workspace,2nd floor,1/22 Asaf Ali Road .
_bNew Delhi
_e110002
300 _aviii,390p.
_c22cm.(hb)
500 _aIt includes Bibliography index
942 _2ddc
_cEN
_mDES
_h954.51